| 000 | 00436nam a2200169Ia 4500 | ||
|---|---|---|---|
| 008 | 230524s9999 xx 000 0 und d | ||
| 020 | _a8177587544 | ||
| 082 |
_a5.133 _bKNU |
||
| 100 | _aDonald E.Knuth | ||
| 245 | 4 | _aThe Art of Computer Programming Vol-I (Fundamental Algorithms) | |
| 250 | _a3RD | ||
| 260 |
_aNEW DELHI _bPearson _c2007 |
||
| 300 | _aXIX;648 | ||
| 500 | _aQuantity Number: 2 | ||
| 650 | _aComp-Sc | ||
| 942 | _cBK | ||
| 999 |
_c37289 _d37289 |
||